000 00635nam a2200205Ia 4500
003 GCL
008 140319s9999 xx 000 0 ara d
040 _aGCL /
_cGCL
082 0 4 _a025.4
_bع ت
100 1 _aعبدالوهاب ابوالنور
245 1 0 _aالتصنيف العملى والتكشيف /
_cعبدالوهاب ابوالنور
300 _a249 ص
490 _aالهيئة العامة للاستعلامات
_v0
650 0 4 _aتصنيف الكتب
650 0 4 _aالتكشيف
650 0 4 _aالتصنيف
650 0 4 _aالتصنيف العشرى
650 0 4 _aتصنيف المعرفة
942 _2ddc
_cBK
999 _c47722
_d47722